Liberalizace obchodu environmentálními službami

Dynamický rozvoj obchodu so službami vo väčšine vyspelých krajin. Klasifikácia služieb podľa OSN. Liberalizácia obchodu s environmentálnymi službami. Ekologický trh v Európskej únii. Základné faktory stimulovania ekologického trhu. Trh s environmentálnymi službami v Českej republike.

Gespeichert in:
Bibliographische Detailangaben
1. Verfasser: Tošovská, Eva
Format: Buchkapitel
Sprache:Tschechisch
Schlagworte:
Tags: Tag hinzufügen
Keine Tags, Fügen Sie das erste Tag hinzu!

MARC

LEADER 00000naa a2200000 4500
001 r043467
005 20230927121317.6
041 0 |a cze 
044 |a CZ 
245 1 0 |a Liberalizace obchodu environmentálními službami  |c Eva Tošovská 
520 |a Dynamický rozvoj obchodu so službami vo väčšine vyspelých krajin. Klasifikácia služieb podľa OSN. Liberalizácia obchodu s environmentálnymi službami. Ekologický trh v Európskej únii. Základné faktory stimulovania ekologického trhu. Trh s environmentálnymi službami v Českej republike. 
610 2 0 |a služby 
610 2 0 |a environmentalistika 
610 2 0 |a ochrana prostredia životného 
610 2 0 |a trh medzinárodný 
610 2 0 |a Európska únia 
610 2 0 |a Česko 
610 2 0 |a liberalizácia 
100 1 |a Tošovská, Eva